[Event "Usti nad Labem Chlumecky Rapid op"]
[Site "Usti nad Labem"]
[Date "2024.05.04"]
[Round "7"]
[White "Hozda, David"]
[Black "Frantsev, Iegor"]
[Result "1/2-1/2"]
[WhiteElo "1893"]
[BlackElo "1719"]
[PlyCount "98"]
[EventDate "2024.05.04"]
[EventType "swiss (rapid)"]
[EventRounds "9"]
[EventCountry "CZE"]
[SourceTitle "CB20_2024"]
[SourceDate "2024.05.16"]
[SourceVersion "1"]
[SourceVersionDate "2024.05.16"]
[SourceQuality "1"]

1. Nf3 d5 2. g3 Nf6 3. Bg2 c6 4. 0-0 Bf5 5. d3 Nbd7 6. Nh4 Bg6 7. f4 e6 8. e3 Bd6 9. g4 h5 10. Nxg6 fxg6 11. g5 Nh7 12. Bh3 Qe7 13. c4 0-0-0 14. cxd5 exd5 15. Nc3 Rhf8 16. Bd2 Kb8 17. a3 Nc5 18. Qc2 Nxg5 19. fxg5 Qe5 20. Be1 Nxd3 21. Bg3 Qxe3+ 22. Kh1 Bxg3 23. hxg3 Qxg3 24. Qh2 Qxh2+ 25. Kxh2 Nxb2 26. Rae1 Nd3 27. Re7 Rxf1 28. Bxf1 Nf4 29. Rxg7 d4 30. Ne4 d3 31. Nd2 c5 32. Kg3 Ne2+ 33. Kf2 Nf4 34. Ke3 Rd4 35. Nf3 Nd5+ 36. Kd2 Rf4 37. Bg2 c4 38. Rxg6 c3+ 39. Kxd3 Rxf3+ 40. Bxf3 Nf4+ 41. Kxc3 Nxg6 42. Bxh5 Nf4 43. Bf7 Kc7 44. Kd4 Ne2+ 45. Ke5 Ng3 46. Kf4 Ne2+ 47. Kg4 Kd6 48. g6 Ke7 49. Bd5 Kf6 1/2-1/2

[Event "Usti nad Labem rapid op"]
[Site "Usti nad Labem"]
[Date "2023.05.06"]
[Round "3"]
[White "Hozda, David"]
[Black "Brejnik, Gustav"]
[Result "0-1"]
[WhiteElo "1868"]
[BlackElo "2177"]
[PlyCount "42"]
[EventDate "2023.05.06"]
[EventType "swiss (rapid)"]
[EventRounds "7"]
[EventCountry "CZE"]
[SourceTitle "CBM 214 Extra"]
[Source "ChessBase"]
[SourceDate "2023.07.31"]
[SourceVersion "1"]
[SourceVersionDate "2023.07.31"]
[SourceQuality "1"]

1. d4 Nf6 2. c4 e6 3. Nf3 d5 4. Nc3 dxc4 5. Qa4+ Nbd7 6. Qxc4 a6 7. e4 c5 8. e5 b5 9. Qb3 cxd4 10. Nxb5 Nc5 11. Qc2 d3 12. Qd1 axb5 13. exf6 gxf6 14. b4 Ne4 15. Qxd3 Bxb4+ 16. Bd2 Qxd3 17. Bxd3 Nxd2 18. Bxb5+ Ke7 19. Nxd2 Rd8 20. 0-0-0 Rxa2 21. Ne4 Ba3+ 0-1

[Event "Usti nad Labem rapid op"]
[Site "Usti nad Labem"]
[Date "2023.05.06"]
[Round "6"]
[White "Meduna, Eduard1111"]
[Black "Hozda, David"]
[Result "1-0"]
[WhiteElo "2095"]
[BlackElo "1868"]
[PlyCount "53"]
[EventDate "2023.05.06"]
[EventType "swiss (rapid)"]
[EventRounds "7"]
[EventCountry "CZE"]
[SourceTitle "CBM 214 Extra"]
[Source "ChessBase"]
[SourceDate "2023.07.31"]
[SourceVersion "1"]
[SourceVersionDate "2023.07.31"]
[SourceQuality "1"]

1. e4 c6 2. Ne2 d5 3. e5 c5 4. d4 cxd4 5. Nxd4 Nc6 6. Nxc6 bxc6 7. Bd3 Qc7 8. Qe2 g6 9. 0-0 Nh6 10. Nd2 Bf5 11. Nf3 e6 12. Bxh6 Bxh6 13. Bxf5 gxf5 14. Rfe1 Rg8 15. Nd4 Kd7 16. Nb3 Qb6 17. c4 Rg4 18. cxd5 cxd5 19. Rad1 Rag8 20. g3 f4 21. Kg2 fxg3 22. hxg3 Bf4 23. Qf3 Ke7 24. Rd4 Bxg3 25. Rxg4 Rxg4 26. fxg3 Qb4 27. Rc1 1-0

[Event "Tabor op"]
[Site "Tabor"]
[Date "2013.08.03"]
[Round "8"]
[White "Alexa, Jaroslav"]
[Black "Hozda, David"]
[Result "1/2-1/2"]
[WhiteElo "1779"]
[BlackElo "1970"]
[PlyCount "24"]
[EventDate "2013.07.28"]
[EventType "swiss"]
[EventRounds "9"]
[EventCountry "CZE"]
[SourceTitle "CBM 155 Extra"]
[Source "ChessBase"]
[SourceDate "2013.08.26"]
[SourceVersion "1"]
[SourceVersionDate "2013.08.26"]
[SourceQuality "1"]

1. d4 f5 2. c4 Nf6 3. Nc3 g6 4. Nf3 Bg7 5. Bg5 d6 6. e3 c6 7. Bd3 Nbd7 8. 0-0 h6 9. Bxf6 Nxf6 10. Nh4 g5 11. Nxf5 Bxf5 12. Bxf5 0-0 1/2-1/2

[Event "Teplice op 7th"]
[Site "Teplice"]
[Date "2012.06.23"]
[Round "8"]
[White "Hozda, David"]
[Black "Hajek, Lukas1111"]
[Result "0-1"]
[WhiteElo "1971"]
[BlackElo "2080"]
[PlyCount "64"]
[EventDate "2012.06.16"]
[EventType "swiss"]
[EventRounds "9"]
[EventCountry "CZE"]
[SourceTitle "CBM 149 Extra"]
[Source "ChessBase"]
[SourceDate "2012.08.24"]
[SourceVersion "1"]
[SourceVersionDate "2012.08.24"]
[SourceQuality "1"]

1. e4 e6 2. d4 d5 3. Nc3 Nf6 4. e5 Nfd7 5. f4 c5 6. Nf3 Nc6 7. Be3 Be7 8. Qd2 0-0 9. 0-0-0 a6 10. g4 Qc7 11. h4 b5 12. dxc5 Bxc5 13. h5 Bb7 14. Bd3 Rfc8 15. Bxh7+ Kxh7 16. Bxc5 Nxc5 17. g5 Ne7 18. g6+ Kg8 19. gxf7+ Kxf7 20. h6 gxh6 21. Rxh6 b4 22. Qh2 Ke8 23. f5 Nxf5 24. Rh7 Ne7 25. Rg1 Nd3+ 26. cxd3 bxc3 27. Qh5+ Kd8 28. b3 Qc5 29. Qh6 Qa3+ 30. Kd1 c2+ 31. Ke2 c1Q 32. Rh8+ Kd7 0-1

[Event "Teplice op 7th"]
[Site "Teplice"]
[Date "2012.06.22"]
[Round "7"]
[White "Schou Moldt, Thomas"]
[Black "Hozda, David"]
[Result "1-0"]
[WhiteElo "2210"]
[BlackElo "1971"]
[PlyCount "49"]
[EventDate "2012.06.16"]
[EventType "swiss"]
[EventRounds "9"]
[EventCountry "CZE"]
[SourceTitle "CBM 149 Extra"]
[Source "ChessBase"]
[SourceDate "2012.08.24"]
[SourceVersion "1"]
[SourceVersionDate "2012.08.24"]
[SourceQuality "1"]

1. e4 e6 2. d3 d5 3. Nd2 c5 4. Ngf3 Nc6 5. g3 Nf6 6. Bg2 Be7 7. 0-0 0-0 8. Re1 d4 9. a4 e5 10. Nc4 Bg4 11. Bd2 Nd7 12. Qc1 b6 13. Ng5 Bxg5 14. Bxg5 f6 15. Bd2 Qe7 16. b3 a6 17. h3 Be6 18. f4 b5 19. Nb2 c4 20. dxc4 bxc4 21. bxc4 Nb6 22. Bf1 Qf7 23. c5 Nd7 24. f5 Ba2 25. Rxa2 1-0

[Event "Teplice op 7th"]
[Site "Teplice"]
[Date "2012.06.21"]
[Round "6"]
[White "Hozda, David"]
[Black "Horak, Jiri"]
[Result "1/2-1/2"]
[WhiteElo "1971"]
[BlackElo "2185"]
[PlyCount "59"]
[EventDate "2012.06.16"]
[EventType "swiss"]
[EventRounds "9"]
[EventCountry "CZE"]
[SourceTitle "CBM 149 Extra"]
[Source "ChessBase"]
[SourceDate "2012.08.24"]
[SourceVersion "1"]
[SourceVersionDate "2012.08.24"]
[SourceQuality "1"]

1. d4 d5 2. Nf3 Nf6 3. Bf4 c6 4. e3 Qb6 5. Bd3 Qxb2 6. Nbd2 e6 7. 0-0 Qb6 8. c4 Be7 9. Qa4 0-0 10. Rab1 Qd8 11. Bxb8 Rxb8 12. Qxa7 Bd7 13. Ne5 dxc4 14. Bxc4 b5 15. Bb3 Ra8 16. Qb7 c5 17. dxc5 Bxc5 18. Rfd1 Ra7 19. Qf3 Qe7 20. Ne4 Nxe4 21. Qxe4 Rc8 22. Rxd7 Rxd7 23. Nxd7 Qxd7 24. Rd1 Qe7 25. Qd3 b4 26. g3 g6 27. Qd7 Qxd7 28. Rxd7 e5 29. h4 Kf8 30. Kg2 1/2-1/2

[Event "Teplice op 6th"]
[Site "Teplice"]
[Date "2011.06.16"]
[Round "6"]
[White "Svec, Ludek"]
[Black "Hozda, David"]
[Result "0-1"]
[WhiteElo "1769"]
[BlackElo "2000"]
[PlyCount "102"]
[EventDate "2011.06.11"]
[EventType "swiss"]
[EventRounds "9"]
[EventCountry "CZE"]
[SourceTitle "CBM 142 Extra"]
[Source "ChessBase"]
[SourceDate "2011.06.27"]
[SourceVersion "1"]
[SourceVersionDate "2011.06.27"]
[SourceQuality "1"]

1. e4 g6 2. d4 Bg7 3. Nc3 d6 4. Be3 Nf6 5. Nf3 Bg4 6. h3 Bxf3 7. Qxf3 c6 8. a4 0-0 9. Bc4 Nbd7 10. Bb3 e6 11. 0-0 Qe7 12. Qe2 d5 13. e5 Ne4 14. Nxe4 dxe4 15. a5 f5 16. f4 Nb8 17. Qc4 Kf7 18. Bd2 Na6 19. Ra4 Rfe8 20. Bb4 Nxb4 21. Qxb4 Qxb4 22. Rxb4 Re7 23. a6 b6 24. Ra4 Rd7 25. c3 Bf8 26. Rd1 Rad8 27. Raa1 c5 28. dxc5 Bxc5+ 29. Kf1 Rd2 30. Rxd2 Rxd2 31. Rd1 Be3 32. Rxd2 Bxd2 33. g3 Bc1 34. c4 Bxb2 35. h4 h6 36. Ba4 g5 37. hxg5 hxg5 38. Kg2 Bc1 39. fxg5 Bxg5 40. g4 Ke7 41. Bc6 Bf4 42. gxf5 exf5 43. Kf2 Ke6 44. Bb7 Kxe5 45. Bc8 Bg5 46. Ke2 Be7 47. Bd7 f4 48. Bg4 f3+ 49. Kf1 Kf4 50. Bh5 e3 51. Bg6 e2+ 0-1

[Event "Teplice op 4th"]
[Site "Teplice"]
[Date "2009.06.20"]
[Round "8"]
[White "Friml, Antonin"]
[Black "Hozda, David"]
[Result "1-0"]
[WhiteElo "2162"]
[BlackElo "2037"]
[PlyCount "61"]
[EventDate "2009.06.13"]
[EventType "swiss"]
[EventRounds "9"]
[EventCountry "CZE"]
[SourceTitle "CBM 130 Extra"]
[Source "ChessBase"]
[SourceDate "2009.07.02"]
[SourceVersion "2"]
[SourceVersionDate "2009.07.15"]
[SourceQuality "1"]

1. c4 Nf6 2. g3 g6 3. Bg2 Bg7 4. Nc3 0-0 5. Nf3 d6 6. 0-0 c6 7. d4 Nbd7 8. Qc2 e5 9. Rd1 Qe7 10. b3 exd4 11. Nxd4 Nc5 12. Bb2 Ne6 13. e3 Nxd4 14. Rxd4 Be6 15. Rad1 d5 16. cxd5 Nxd5 17. Bxd5 Bxd4 18. Bxe6 Bxc3 19. Qxc3 fxe6 20. Qh8+ Kf7 21. Qxh7+ Ke8 22. Qxe7+ Kxe7 23. Ba3+ Kf6 24. Bxf8 Rxf8 25. Rd7 Rf7 26. Rxf7+ Kxf7 27. h4 c5 28. Kf1 b5 29. Ke2 Kf6 30. g4 Ke5 31. Kd3 1-0

[Event "Olomouc FIDE Cup"]
[Site "Olomouc"]
[Date "2007.08.05"]
[Round "6"]
[White "Brooke, John1111"]
[Black "Hozda, David"]
[Result "0-1"]
[WhiteElo "1887"]
[BlackElo "2039"]
[PlyCount "50"]
[EventDate "2007.08.01"]
[EventType "tourn"]
[EventRounds "10"]
[EventCountry "CZE"]
[SourceTitle "CBM 119 Extra"]
[Source "ChessBase"]
[SourceDate "2007.09.04"]
[SourceVersion "1"]
[SourceVersionDate "2007.09.04"]
[SourceQuality "1"]

1. Nc3 Nf6 2. Nf3 g6 3. e4 Bg7 4. e5 Ng4 5. d4 c5 6. h3 cxd4 7. hxg4 dxc3 8. Bc4 Qa5 9. b3 Nc6 10. Bh6 Bxh6 11. Rxh6 Nxe5 12. Qd4 d6 13. Nxe5 dxe5 14. Qe4 Rb8 15. Ke2 f5 16. gxf5 Bxf5 17. Qh4 Rd8 18. b4 Rd2+ 19. Kf1 Qd8 20. Bb5+ Kf8 21. Rxh7 Rd1+ 22. Ke2 Qd2+ 23. Kf3 Rxh7 24. Qxh7 Qf4+ 25. Ke2 Rd2+ 0-1

[Event "CZE-ch Juniors op-A"]
[Site "Sec u Chrudimi"]
[Date "2007.03.16"]
[Round "8"]
[White "Novacek, Karel"]
[Black "Hozda, David"]
[Result "1/2-1/2"]
[WhiteElo "2099"]
[BlackElo "2056"]
[PlyCount "42"]
[EventDate "2007.03.10"]
[EventType "swiss"]
[EventRounds "9"]
[EventCountry "CZE"]
[SourceTitle "EXT 2008"]
[Source "ChessBase"]
[SourceDate "2007.11.25"]
[SourceVersion "1"]
[SourceVersionDate "2007.11.25"]
[SourceQuality "1"]

1. e4 c6 2. Nc3 d5 3. Nf3 dxe4 4. Nxe4 Bg4 5. Bc4 e6 6. 0-0 Nd7 7. d4 Ngf6 8. Ng3 Be7 9. c3 0-0 10. h3 Bxf3 11. Qxf3 Qb6 12. Re1 Bd6 13. Bg5 h6 14. Bxf6 Nxf6 15. Bb3 c5 16. Ne4 Nxe4 17. Qxe4 Rfe8 18. Rad1 cxd4 19. cxd4 Qc6 20. Qg4 Rad8 21. Re3 Bc7 1/2-1/2